000 02461cam a2200325 i 4500
001 991010579719704336
005 20260515120853.0
008 141113s2015 ctua b 001 0 eng
010 _a 2014035965
020 _a9780300180275
_qhardcover
_qalkaline paper
020 _a0300180276
_qhardcover
_qalkaline paper
035 _a(CaACU)4145027-01ucalg_inst
035 _a(OCoLC)40024742450
035 _a(OCoLC)890614537
040 _aDLC
_erda
_beng
_cDLC
_dYDX
_dYDXCP
_dBTCTA
_dBDX
_dOCLCF
_dNhCcYME
_dUtOrBLW
041 _aEnglish
042 _apcc
050 0 0 _aBJ1474
_b.S56 2015
100 _aSinger, Peter,
_d1946-
_eauthor.
245 1 4 _aThe most good you can do
_b: how effective altruism is changing ideas about living ethically
_c/ Peter Singer.
264 1 _aNew Haven :
_bYale University Press,
_c[2015]
264 4 _c2015
300 _axiii, 211 pages ;
_c22 cm.
490 1 _aCastle lectures in ethics, politics, and economics
504 _aIncludes bibliographical references and index.
520 _aPeter Singer’s books and ideas have been disturbing our complacency ever since the appearance of Animal Liberation. Now he directs our attention to a new movement in which his own ideas have played a crucial role: effective altruism. Effective altruism is built upon the simple but profound idea that living a fully ethical life involves doing the "most good you can do." Such a life requires an unsentimental view of charitable giving: to be a worthy recipient of our support, an organization must be able to demonstrate that it will do more good with our money or our time than other options open to us. Singer introduces us to an array of remarkable people who are restructuring their lives in accordance with these ideas, and shows how living altruistically often leads to greater personal fulfillment than living for oneself. The Most Good You Can Do develops the challenges Singer has made, in the New York Times and Washington Post, to those who donate to the arts, and to charities focused on helping our fellow citizens, rather than those for whom we can do the most good. Effective altruists are extending our knowledge of the possibilities of living less selfishly, and of allowing reason, rather than emotion, to determine how we live. The Most Good You Can Do offers new hope for our ability to tackle the world’s most pressing problems.
650 0 _aAltruism
_912124
650 0 _aEthics
_9947
942 _2lcc
999 _c5473
_d5473